Design is storytelling / (Record no. 12355)

000 -LEADER
fixed length control field 01371cam a22002538i 4500
003 - CONTROL NUMBER IDENTIFIER
control field OSt
005 - DATE AND TIME OF LATEST TRANSACTION
control field 20240117104619.0
008 - FIXED-LENGTH DATA ELEMENTS--GENERAL INFORMATION
fixed length control field 170809s20172017nyu 001 0 eng c
020 ## - INTERNATIONAL STANDARD BOOK NUMBER
International Standard Book Number 9781942303190 (pbk.)
082 00 - DEWEY DECIMAL CLASSIFICATION NUMBER
Classification number 745.4
Edition number 23
Item number LUP
100 1# - MAIN ENTRY--PERSONAL NAME
Personal name Lupton, Ellen,
Relator term author.
245 10 - TITLE STATEMENT
Title Design is storytelling /
Statement of responsibility, etc Ellen Lupton.
263 ## - PROJECTED PUBLICATION DATE
Projected publication date 1711
300 ## - PHYSICAL DESCRIPTION
Extent pages cm
500 ## - GENERAL NOTE
General note Includes index.
500 ## - GENERAL NOTE
General note "This book explores connections between storytelling and design. It examines the psychology of visual communication from a narrative point of view."--Publisher's description.
505 0# - FORMATTED CONTENTS NOTE
Formatted contents note Overture -- From the director -- Acknowledgments -- Inciting incidents -- Act 1. Action -- Narrative arc -- Hero's journey -- Labyrinth -- Rule of threes -- Scenario planning -- Design fiction -- Act 2. Emotion -- Experience economy -- Emotional journey -- Color and emotion -- Empathy -- Persona -- Product personality -- Act 3. Sensation -- The gaze -- Gestalt grouping -- Just-in-time representation -- Affordances -- Behavioral economics -- Multisensory design -- Aftermath -- Writing tips -- Storytelling checklist -- Index.
650 #0 - SUBJECT ADDED ENTRY--TOPICAL TERM
Topical term or geographic name as entry element Design
General subdivision Human factors.
650 #0 - SUBJECT ADDED ENTRY--TOPICAL TERM
Topical term or geographic name as entry element Design
General subdivision Psychological aspects.
650 #0 - SUBJECT ADDED ENTRY--TOPICAL TERM
Topical term or geographic name as entry element Storytelling in art.
650 #0 - SUBJECT ADDED ENTRY--TOPICAL TERM
Topical term or geographic name as entry element Visual communication
General subdivision Psychological aspects.
650 #0 - SUBJECT ADDED ENTRY--TOPICAL TERM
Topical term or geographic name as entry element Creative thinking.
942 ## - ADDED ENTRY ELEMENTS (KOHA)
Source of classification or shelving scheme
Holdings
Withdrawn status Lost status Source of classification or shelving scheme Damaged status Koha normalized classification for sorting Not for loan Permanent location Current location Date acquired Source of acquisition Cost, normal purchase price Total Checkouts Full call number Barcode Date last seen Date last borrowed Cost, replacement price Price effective from Koha item type
        745_400000000000000_LUP   BMS College of Architecture, Design and Planning BMS College of Architecture, Design and Planning 2024-01-17 1 1215.44 2 745.4 LUP AR-UG3548 2025-12-18 2025-12-08 1620.58 2024-01-17 UG Books
Copyright © 2025, The Librarian, Library and Information Centre, BMSCA D&P, Bengaluru. All Rights Reserved
web counter

Powered by Koha